| 000 | 01015nam a2200229 a 4500 | ||
|---|---|---|---|
| 001 | 1805343 | ||
| 003 | AM-YEHGA | ||
| 005 | 20250618080151.0 | ||
| 008 | 211123s1893 ir |||||||||||||||0|arm|d | ||
| 040 | _aAM-YeHGA | ||
| 041 | 0 | _aarm | |
| 100 | 1 |
_aՄսերեան, Մսեր, _d1808-1873 _934 |
|
| 245 | 1 | 0 |
_aՀաւատապատում : _bԱյն է մանր ուսմունք Քրիստոնէական հաւատոյ ի պէտս հայկազնեայ մանկանց / _cգրեալ ի Մսերայ Մագիստրոսէ. |
| 260 |
_aՆոր Ջուղա : _bտպ. Ամենափրկչեան սրբոյ Վանաց, _c1893. |
||
| 300 |
_a40 էջ ; _c16,5 սմ. |
||
| 500 | _aՇարվ.՝ 14x8 սմ. | ||
| 500 | _aՆկարագրված օրինակը տիտղթ. չունի, նկարագրությունը կատարված է շապկից: | ||
| 500 | _aԲացակայում է «Հայ գիրքը 1851-1900 թթ.» մատենագրքից : | ||
| 650 | 1 | 4 | _aՔրիստոնեություն |
| 942 |
_2udc _cBK |
||
| 090 | _c570140 | ||
| 999 |
_c531378 _d531378 |
||